Bioética da Libertação e Saúde do Trabalhador a (in) Admissibilidade dos Exames Genéticos Preditivos nas Relações de Trabalho (Registro nro. 164456)

Detalles MARC
000 -LEADER
fixed length control field 01122nam a22002417a 4500
007 - PHYSICAL DESCRIPTION FIXED FIELD--GENERAL INFORMATION
fixed length control field cr|||| ||u|
008 - FIXED-LENGTH DATA ELEMENTS--GENERAL INFORMATION
fixed length control field 160620s2016 bl ||||| |||| 00||0 por d
020 ## - INTERNATIONAL STANDARD BOOK NUMBER
International Standard Book Number 978-85-361-8787-3
035 ## -
-- 14315
040 ## - CATALOGING SOURCE
Original cataloging agency vLex
090 ## -
-- 6190
-- 6190
100 1# - MAIN ENTRY--PERSONAL NAME
Personal name Rodrigues Luz Faria, Ana Paula
245 10 - TITLE STATEMENT
Title Bioética da Libertação e Saúde do Trabalhador a (in) Admissibilidade dos Exames Genéticos Preditivos nas Relações de Trabalho
Medium [Recurso electronico]
Statement of responsibility, etc Ana Paula Rodrigues Luz Faria
256 ## -
-- Servicio en linea
260 ## - PUBLICATION, DISTRIBUTION, ETC. (IMPRINT)
Place of publication, distribution, etc Brasil
Name of publisher, distributor, etc LTR
Date of publication, distribution, etc 2016
300 ## - PHYSICAL DESCRIPTION
Extent 1 recurso electronico
506 1# - RESTRICTIONS ON ACCESS NOTE
Terms governing access Contenido solo disponible en los productos indicados
Authorized users vLex Global
-- vLex Global (Academic Edition, excluding Law Schools)
-- vLex Global (Academic Edition, Law Schools)aw Schools)
-- vLex Global (U.S. Academic Edition, excluding Law Schools)
-- vLex Global (U.S. Academic Edition, Law Schools)
650 04 - SUBJECT ADDED ENTRY--TOPICAL TERM
Topical term or geographic name as entry element Bioetica
Topical term following geographic name as entry element Brasil
740 0# -
-- vLex libros (servicio en linea)
856 40 - LOCALIZACIÓN Y ACCESO ELECTRÓNICO
Identificador Uniforme del Recurso (URI/URL) https://app.vlex.com/#/sources/bioetica-liberta-o-saude-trabalhador-14315
942 ## -
-- RAA
999 ## -
-- 164456
-- 164456

No hay ítems disponibles.


CONTACTO


NOSOTROS


SITIOS DE INTERES

coordinacion.biblioteca.biblioteca@unienlinea.mx Misión, Visión y Objetivos Bases de datos
Directorio Bibliotecas Digitales y Repositorios
Normatividad Revistas y artículos
Convenios interbibliotecarios
Boletines



Hecho en México. Universidad Insurgentes (UIN). Todos los derechos reservados 2024. Esta página y sus contenidos pueden ser reproducidos con fines no lucrativos, siempre y cuando no se mutile, se cite la fuente completa y su dirección electrónicas. De otra forma requiere permiso previo por escrito de la institución




2024 Copyright Universidad Insurgentes | www.bibliouin.com.mx